[Event "North American Blitz op 30th"]
[Site "ICC INT"]
[Date "2020.12.31"]
[Round "11"]
[White "Lopez, Francisco2"]
[Black "Yin, Benjamin"]
[Result "0-1"]
[WhiteElo "1423"]
[BlackElo "1419"]
[PlyCount "182"]
[EventDate "2020.12.31"]
[EventType "swiss (blitz)"]
[EventRounds "11"]
[EventCountry "USA"]
[SourceTitle "CBM 200 Extra"]
[Source "ChessBase"]
[SourceDate "2021.03.31"]
[SourceVersion "1"]
[SourceVersionDate "2021.03.31"]
[SourceQuality "1"]

1. d4 d5 2. Bg5 h6 3. Bh4 Nf6 4. e3 e6 5. Bd3 Be7 6. Nd2 0-0 7. f4 c5 8. c3 Nc6 9. Ngf3 cxd4 10. exd4 Nh5 11. Bxe7 Qxe7 12. g3 Nf6 13. Qe2 a6 14. 0-0 Re8 15. Ne5 Qd6 16. a4 b6 17. h3 Bb7 18. Rf2 a5 19. Bb5 Rec8 20. Bd3 Nd7 21. Qh5 Rf8 22. Raf1 Ba6 23. Bb5 Bxb5 24. axb5 Na7 25. Nxd7 Qxd7 26. Nf3 Nxb5 27. Ne5 Qe7 28. f5 exf5 29. Rxf5 Nd6 30. R5f4 Ra7 31. Nc6 Qe3+ 32. Kh2 Rc7 33. Ne5 Ne4 34. Nxf7 Qxg3+ 35. Kh1 Nf6 36. Nxh6+ gxh6 37. Qxh6 Rg7 38. Qxg7+ Kxg7 39. Rg1 Qxg1+ 40. Kxg1 Re8 41. Kf2 Rh8 42. Kg2 Rh5 43. Rf3 Rg5+ 44. Kh2 Kf7 45. h4 Rh5 46. Kh3 Ke6 47. Re3+ Kd6 48. Rg3 Rh6 49. Rg7 Ne4 50. Rb7 Kc6 51. Re7 Nf2+ 52. Kg3 Nd3 53. Kg4 Nxb2 54. Kg5 Rh8 55. h5 Nd1 56. h6 Nxc3 57. Kg6 Nb5 58. Kg7 Rxh6 59. Kxh6 Nxd4 60. Kg5 Kc5 61. Kf4 Nc6 62. Rc7 a4 63. Ke3 a3 64. Rh7 a2 65. Rh1 Nb4 66. Kd2 Kc4 67. Rc1+ Kb3 68. Rc3+ Kb2 69. Rc1 a1Q 70. Rxa1 Kxa1 71. Kc3 Nc6 72. Kd3 d4 73. Kc4 Kb2 74. Kb5 d3 75. Kxc6 d2 76. Kxb6 d1Q 77. Kc6 Qc2+ 78. Kd5 Kb3 79. Kd4 Qc4+ 80. Ke5 Qd3 81. Kf4 Qe2 82. Kf5 Qe3 83. Kf6 Kc4 84. Kf5 Kd5 85. Kf6 Qe6+ 86. Kg5 Qf7 87. Kg4 Ke4 88. Kg3 Qf3+ 89. Kh2 Qg4 90. Kh1 Kf3 91. Kh2 Qg2# 0-1

[Event "North American Blitz op 30th"]
[Site "ICC INT"]
[Date "2020.12.31"]
[Round "2"]
[White "Shawkat, Saif"]
[Black "Yin, Benjamin"]
[Result "1-0"]
[WhiteElo "1934"]
[BlackElo "1419"]
[PlyCount "178"]
[EventDate "2020.12.31"]
[EventType "swiss (blitz)"]
[EventRounds "11"]
[EventCountry "USA"]
[SourceTitle "CBM 200 Extra"]
[Source "ChessBase"]
[SourceDate "2021.03.31"]
[SourceVersion "1"]
[SourceVersionDate "2021.03.31"]
[SourceQuality "1"]

1. e4 c5 2. Nf3 d6 3. Bb5+ Bd7 4. Bxd7+ Qxd7 5. 0-0 Nf6 6. Re1 Nc6 7. c3 e6 8. d4 cxd4 9. cxd4 Be7 10. Nc3 0-0 11. h3 Rad8 12. Qe2 a5 13. d5 Ne5 14. Bf4 Nxf3+ 15. Qxf3 e5 16. Be3 b5 17. a4 b4 18. Nb5 Rc8 19. Rac1 Rxc1 20. Rxc1 Rc8 21. Rxc8+ Qxc8 22. Bg5 Qc2 23. Bxf6 Bxf6 24. b3 Qc5 25. Qe3 Kf8 26. Qxc5 dxc5 27. Kf1 Ke7 28. Ke2 Kd7 29. Kd3 Bd8 30. Kc4 Bb6 31. f3 g6 32. g4 h6 33. h4 f6 34. h5 gxh5 35. gxh5 Ke7 36. d6+ Kd7 37. Kd5 Kd8 38. Kc6 c4 39. bxc4 Bd4 40. Kd5 b3 41. c5 b2 42. Na3 Be3 43. c6 Bd4 44. Ke6 Bc5 45. Nb1 Bb4 46. d7 Kc7 47. Kxf6 Bd6 48. Kf7 Kd8 49. Ke6 Bc7 50. Kd5 Bb8 51. Kc4 Bd6 52. Kb5 Kc7 53. Nc3 Bb4 54. Nb1 Be1 55. Kc4 Bb4 56. Kb3 Be7 57. Kxb2 Kxc6 58. Kc3 Kxd7 59. Kc4 Ke6 60. Kb5 Bb4 61. Kc6 Kf6 62. Kd7 Kg5 63. Ke6 Kf4 64. Kf6 Be1 65. Na3 Bc3 66. Nc4 Kxf3 67. Kf5 Kg3 68. Nxe5 Kh4 69. Ng6+ Kxh5 70. e5 Bb4 71. e6 Bd6 72. e7 Bxe7 73. Nxe7 Kh4 74. Nc6 Kg3 75. Kg6 Kf4 76. Nxa5 Ke4 77. Nc4 Kd5 78. a5 Kc6 79. Kxh6 Kb5 80. Kg5 Ka6 81. Kf5 Kb5 82. Ke5 Ka6 83. Kd5 Kb5 84. Kd6 Ka6 85. Kc6 Ka7 86. Kb5 Ka8 87. Ka6 Kb8 88. Nb6 Kc7 89. Ka7 Kc6 1-0

[Event "North American Blitz op 30th"]
[Site "ICC INT"]
[Date "2020.12.31"]
[Round "4"]
[White "Singh, Hersh"]
[Black "Yin, Benjamin"]
[Result "0-1"]
[WhiteElo "2131"]
[BlackElo "1419"]
[PlyCount "220"]
[EventDate "2020.12.31"]
[EventType "swiss (blitz)"]
[EventRounds "11"]
[EventCountry "USA"]
[SourceTitle "CBM 200 Extra"]
[Source "ChessBase"]
[SourceDate "2021.03.31"]
[SourceVersion "1"]
[SourceVersionDate "2021.03.31"]
[SourceQuality "1"]

1. d4 d5 2. c4 e6 3. Nf3 Nf6 4. g3 Be7 5. Bg2 0-0 6. 0-0 c6 7. Qc2 Nbd7 8. Nbd2 Rb8 9. e4 dxe4 10. Nxe4 Nxe4 11. Qxe4 Nf6 12. Qc2 c5 13. Bf4 Bd6 14. Bxd6 Qxd6 15. Rad1 cxd4 16. Rxd4 Qc7 17. c5 Bd7 18. Rfd1 Bc6 19. Qd3 Nd5 20. b4 a6 21. Nd2 Rfd8 22. Nc4 Bb5 23. Qb3 Bc6 24. Nd6 Ne7 25. Bxc6 Nxc6 26. Rf4 Rd7 27. Re1 b6 28. Qc3 bxc5 29. bxc5 Ne7 30. Qa3 Nd5 31. Rf3 Rf8 32. Rc1 Qc6 33. Rb3 Nf6 34. Rb6 Qd5 35. Qxa6 Ng4 36. Qc4 Qd2 37. Rf1 Nf6 38. Rb3 Rc7 39. Rd3 Qa5 40. Rc3 Rd8 41. Nb5 Rc6 42. Nd4 Rcc8 43. Rcc1 Ne4 44. Nxe6 Nd2 45. Qe2 fxe6 46. Qxe6+ Kh8 47. Rfe1 h6 48. Qf5 Qxa2 49. Kg2 Qd5+ 50. Qxd5 Rxd5 51. c6 Nb3 52. Rc3 Na5 53. Rec1 Rd6 54. c7 Rd7 55. Ra1 Nb7 56. Rb1 Rdxc7 57. Re3 Nc5 58. Rc1 Nd7 59. Rce1 Nf6 60. Re6 Rc6 61. Re7 R8c7 62. R7e5 Rc2 63. h3 Kh7 64. R1e3 Rd7 65. Rf3 Rdd2 66. Re7 Rd7 67. Re6 Rc4 68. Ra6 Rcd4 69. Rb6 Rd3 70. Rf5 R7d5 71. Rf4 Rg5 72. Rb7 Nd5 73. Rff7 Rg6 74. h4 h5 75. Rbd7 Rd2 76. Ra7 Ne3+ 77. Kf3 Ng4 78. Kg2 Rf6 79. Rxf6 Nxf6 80. Ra5 Kh6 81. Rf5 Ng4 82. Rf4 Ne3+ 83. Kf3 Ng4 84. Kg2 Rd3 85. Rf8 Rd6 86. Rf4 Rf6 87. f3 Ne3+ 88. Kf2 Rxf4 89. gxf4 Nd5 90. Kg3 Kg6 91. f5+ Kxf5 92. Kh3 Kf4 93. Kg2 Ne3+ 94. Kf2 Nf5 95. Kg2 Nxh4+ 96. Kf2 Nxf3 97. Kg2 g5 98. Kh3 g4+ 99. Kg2 h4 100. Kh1 Ng5 101. Kg2 h3+ 102. Kh2 Kf3 103. Kg1 Ne4 104. Kh2 g3+ 105. Kxh3 g2 106. Kh4 Kf2 107. Kh5 g1Q 108. Kh6 Qg5+ 109. Kh7 Nf6+ 110. Kh8 Qg8# 0-1